| 000 | 01231nam a22002657a 4500 | ||
|---|---|---|---|
| 999 |
_c23558 _d23558 |
||
| 003 | AR-CdUCM | ||
| 008 | 260330b2024 pe ||||| |||| 00| 0 spa d | ||
| 040 |
_aMUNICIPALIDAD PROVINCIAL DEL CUSCO _cBIBLIOTECA MUNICIPAL DEL CUSCO |
||
| 041 | _hspa | ||
| 082 |
_a333.95 / _bG55 |
||
| 110 |
_aGobierno Regional Cusco _922459 |
||
| 245 |
_aPlan Maestro del Área de Conservación Regional : _bAusangate Cusco / |
||
| 260 |
_aCusco _bGobierno Regional Cusco _c2024 |
||
| 300 |
_a108 páginas. : _bImágenes, cuadros, mapas. _c21 X 30 cm. |
||
| 500 | _zPáginas: 104 - 105. | ||
| 505 | _aAspectos Generales -- Identificación de los Elementos de Conservación -- Visión -- Objetivos del Plan Maestro -- Modelo Conceptual -- Cadena de Resultados -- Estrategias de Conservación en el Marco de la Gestión Efectiva -- Desarrollo Programático -- Zonificación -- Monitoreo y evaluación del Plan Maestro.... | ||
| 650 |
_aObjetivo de creación _952401 |
||
| 650 |
_aAspectos importantes del ACR _952402 |
||
| 650 |
_aZona Glaciar y Periglaciar _952403 |
||
| 650 |
_aMatriz para el Bienestar _952404 |
||
| 650 |
_aClasificación _921385 |
||
| 650 |
_aLíneas de acción _952405 |
||
| 942 |
_2ddc _cLIBROS |
||
| 945 |
_ajmcs _d30/03/2026 |
||